[Event "Monarch Assurance Isle of Man 15th"]
[Site "Port Erin IOM"]
[Date "2006.09.30"]
[Round "8.6"]
[White "Kuzubov, Yuriy"]
[Black "Efimenko, Zahar"]
[Result "1-0"]
[WhiteElo "2554"]
[BlackElo "2632"]
[PlyCount "61"]
[EventDate "2006.09.23"]
[EventType "swiss"]
[EventRounds "9"]
[EventCountry "IOM"]

1. d4 Nf6 2. c4 e6 3. Nc3 Bb4 4. g3 c5 5. Nf3 Bxc3+ 6. bxc3 Qa5 7. Qd3 Ne4 8.
Bg2 Qxc3+ 9. Qxc3 Nxc3 10. dxc5 Na4 11. Nd4 Nc6 12. Nb5 O-O 13. Ba3 a5 14. Bxc6
dxc6 15. Nd6 Rd8 16. Rb1 e5 17. O-O h5 18. Rb3 Rb8 19. f4 exf4 20. gxf4 Bg4 21.
Kf2 b5 22. cxb5 cxb5 23. c6 Rb6 24. c7 Rdxd6 25. Bxd6 Rxd6 26. Rc1 Nb6 27. Rxb5
Kf8 28. e4 Ke7 29. Rxb6 Rxb6 30. f5 Rb2+ 31. Kg1 1-0

[Event "Monarch Assurance Isle of Man 15th"]
[Site "Port Erin IOM"]
[Date "2006.09.30"]
[Round "8.7"]
[White "Socko, Bartosz"]
[Black "Gormally, Daniel W"]
[Result "1/2-1/2"]
[WhiteElo "2621"]
[BlackElo "2513"]
[PlyCount "95"]
[EventDate "2006.09.23"]
[EventType "swiss"]
[EventRounds "9"]
[EventCountry "IOM"]

1. e4 c5 2. Nf3 Nc6 3. d4 cxd4 4. Nxd4 Nf6 5. Nc3 e5 6. Ndb5 d6 7. Nd5 Nxd5 8.
exd5 Nb8 9. c4 a6 10. Nc3 Be7 11. Be2 O-O 12. O-O Nd7 13. Kh1 f5 14. f3 Bg5 15.
b4 Bxc1 16. Qxc1 Nf6 17. f4 e4 18. c5 Bd7 19. Qd2 Qe7 20. Rac1 a5 21. a3 axb4
22. axb4 Rfc8 23. Nd1 dxc5 24. bxc5 e3 25. Qxe3 Qxe3 26. Nxe3 Ra5 27. c6 bxc6
28. dxc6 Rxc6 29. Bf3 Rxc1 30. Rxc1 Ra4 31. g3 Ra3 {(=)} 32. Re1 h6 33. Kg2
Ra2+ 34. Kg1 Ra3 35. Kf2 Ra2+ 36. Re2 Rxe2+ 37. Kxe2 g5 38. Kd3 gxf4 39. gxf4
Kf7 40. Kd4 Ke6 41. Bd1 Ne4 42. Bb3+ Kf6 43. Nd5+ Kg7 44. Ke5 Nf2 45. Ne7 Nd3+
46. Kd6 Be8 47. Nxf5+ Kf6 48. Nxh6 1/2-1/2

[Event "Monarch Assurance Isle of Man 15th"]
[Site "Port Erin IOM"]
[Date "2006.09.30"]
[Round "8.9"]
[White "Wells, Peter K"]
[Black "Postny, Evgeny"]
[Result "0-1"]
[WhiteElo "2480"]
[BlackElo "2591"]
[PlyCount "70"]
[EventDate "2006.09.23"]
[EventType "swiss"]
[EventRounds "9"]
[EventCountry "IOM"]

1. d4 d5 2. c4 c6 3. Nf3 Nf6 4. Nc3 a6 5. g3 dxc4 6. Bg2 b5 7. Ne5 Bb7 8. a4
Nd5 9. axb5 axb5 10. Rxa8 Bxa8 11. e4 Nf6 12. Nxf7 Kxf7 13. e5 Nd5 14. Qf3+ Ke8
15. e6 Nf6 16. Bf4 Qb6 17. Be5 Na6 18. O-O h5 19. Ne4 Kd8 20. Ng5 Kc8 21. Nf7
Rg8 22. Bxf6 exf6 23. Qf5 Be7 24. Qh7 Re8 25. Qxg7 Qxd4 26. Nh6 Nc7 27. Nf5 Qc5
28. Qg6 Bb7 29. Rd1 b4 30. Rd7 c3 31. bxc3 bxc3 32. Be4 Ba6 33. Qxe8+ Nxe8 34.
Nxe7+ Kb8 35. Nxc6+ Qxc6 0-1

[Event "Monarch Assurance Isle of Man 15th"]
[Site "Port Erin IOM"]
[Date "2006.09.30"]
[Round "8.10"]
[White "Landa, Konstantin"]
[Black "Neverov, Valeriy"]
[Result "1-0"]
[WhiteElo "2584"]
[BlackElo "2556"]
[PlyCount "67"]
[EventDate "2006.09.23"]
[EventType "swiss"]
[EventRounds "9"]
[EventCountry "IOM"]

1. e4 e5 2. Nf3 Nc6 3. Bc4 Bc5 4. c3 Nf6 5. d3 d6 6. Nbd2 a6 7. Bb3 h6 8. O-O
O-O 9. Re1 Be6 10. h3 Re8 11. Bxe6 Rxe6 12. Nf1 d5 13. Qb3 Qd7 14. Ng3 Rd8 15.
Bd2 dxe4 16. dxe4 Rd6 17. Be3 Na5 18. Qc2 Bxe3 19. Rxe3 Nc4 20. Ree1 Qe6 21. b3
Nd2 22. Nd4 exd4 23. e5 Rd5 24. exf6 Nf3+ 25. gxf3 d3 26. Qd2 Qxf6 27. Re4 Qg6
28. Rae1 Kh7 29. c4 R5d7 30. Rg4 Qb6 31. Nf5 g5 32. h4 Qf6 33. Nxh6 Qxh6 34.
hxg5 {[score to be confirmed]} 1-0

[Event "Monarch Assurance Isle of Man 15th"]
[Site "Port Erin IOM"]
[Date "2006.09.30"]
[Round "8.11"]
[White "Bobras, Piotr"]
[Black "Yakovich, Yuri"]
[Result "0-1"]
[WhiteElo "2535"]
[BlackElo "2583"]
[PlyCount "88"]
[EventDate "2006.09.23"]
[EventType "swiss"]
[EventRounds "9"]
[EventCountry "IOM"]

1. e4 c5 2. Nf3 Nc6 3. d4 cxd4 4. Nxd4 Nf6 5. Nc3 e5 6. Ndb5 d6 7. Bg5 a6 8.
Na3 b5 9. Bxf6 gxf6 10. Nd5 Bg7 11. Bd3 Ne7 12. Nxe7 Qxe7 13. O-O O-O 14. c4 f5
15. Qf3 d5 16. cxd5 fxe4 17. Bxe4 Rb8 18. Rfd1 f5 19. d6 Qf6 20. Bc6 Be6 21.
Bd5 Rbd8 22. Qb3 Bf7 23. Nc2 Rxd6 24. Bxf7+ Rxf7 25. Rxd6 Qxd6 26. Ne3 f4 27.
Rd1 Qg6 28. Nd5 Kh8 29. Nc3 f3 30. g3 Qf5 31. Rd8+ Bf8 32. Nd1 Kg7 33. Ne3 Qg6
34. Qc3 Qb1+ 35. Rd1 Qe4 36. Rd5 Be7 37. h4 Bf6 38. Kh2 h5 39. Qc8 Be7 40. Qxa6
Bxh4 41. gxh4 Qxh4+ 42. Kg1 Kh7 43. Nf5 Rg7+ 44. Nxg7 Qg5+ 0-1

[Event "Monarch Assurance Isle of Man 15th"]
[Site "Port Erin IOM"]
[Date "2006.09.30"]
[Round "8.12"]
[White "Golod, Vitali"]
[Black "Zatonskih, Anna"]
[Result "1-0"]
[WhiteElo "2576"]
[BlackElo "2432"]
[PlyCount "95"]
[EventDate "2006.09.23"]
[EventType "swiss"]
[EventRounds "9"]
[EventCountry "IOM"]

1. d4 d5 2. c4 c6 3. Nf3 Nf6 4. Nc3 a6 5. c5 Nbd7 6. Bf4 Nh5 7. Bd2 Nhf6 8. Rc1
g6 9. h3 Qc7 10. g3 Bg7 11. Bf4 Qd8 12. Bg2 O-O 13. O-O Nh5 14. Bg5 f6 15. Bd2
f5 16. Na4 e5 17. dxe5 Nxe5 18. Bc3 Nd7 19. Bxg7 Kxg7 20. b4 Kg8 21. e3 Nhf6
22. Nb2 Qe7 23. Nd3 Ne4 24. Re1 Rd8 25. Qc2 Nf8 26. a4 Bd7 27. Nd4 Be8 28. Kh2
Qc7 29. Qb2 Rac8 30. b5 cxb5 31. axb5 Bxb5 32. Nxb5 axb5 33. Qxb5 Ne6 34. Red1
Qe7 35. c6 bxc6 36. Rxc6 Nc3 37. Rxc3 Rxc3 38. Bxd5 Kg7 39. Bxe6 Qxe6 40. Nf4
Qe8 41. Qb7+ Kh6 42. Ne6 Qxe6 43. Rxd8 Rc2 44. Rh8 Rxf2+ 45. Kg1 Rf1+ 46. Kxf1
Qc4+ 47. Kg1 Qc1+ 48. Kh2 1-0

[Event "Monarch Assurance Isle of Man 15th"]
[Site "Port Erin IOM"]
[Date "2006.09.30"]
[Round "8.14"]
[White "Kazhgaleyev, Murtas"]
[Black "Palliser, Richard JD"]
[Result "0-1"]
[WhiteElo "2606"]
[BlackElo "2413"]
[PlyCount "118"]
[EventDate "2006.09.23"]
[EventType "swiss"]
[EventRounds "9"]
[EventCountry "IOM"]

1. d4 Nf6 2. Nf3 e6 3. c4 c5 4. d5 d6 5. Nc3 exd5 6. cxd5 g6 7. e4 a6 8. h3 b5
9. Bd3 Bg7 10. O-O O-O 11. Bg5 Nbd7 12. Qd2 Re8 13. Rfe1 Qb6 14. a3 Bb7 15. b4
Nh5 16. Rac1 Rac8 17. Ne2 Ra8 18. Rb1 Nhf6 19. Ng3 c4 20. Bc2 Ne5 21. Nh4 Nfd7
22. Ne2 c3 23. Qc1 Nc4 24. Nf3 a5 25. Bh6 Bxh6 26. Qxh6 Nxa3 27. bxa5 Rxa5 28.
Ng5 Nf8 29. Ng3 Qd4 30. e5 Nxc2 31. N3e4 Qxe5 32. Nf6+ Qxf6 33. Rxe8 Qg7 34.
Qh4 Ra8 35. Re7 Bxd5 36. Ne4 Bxe4 37. Qxe4 Ra2 38. Qd5 Ra1 39. Rxa1 Nxa1 40.
Qxd6 c2 41. Rc7 Qb2 42. Qf4 f5 43. Qd2 Nb3 44. Qxc2 Qxc2 45. Rxc2 Kf7 46. Rc7+
Ke6 47. f4 Nd7 48. Rb7 Nd4 49. Kf2 Nc5 50. Rb8 Kd5 51. Ke3 Kc4 52. g4 b4 53.
Rxb4+ Kxb4 54. Kxd4 Ne4 55. Ke5 Ng3 56. Kf6 Kc3 57. Kg5 h5 58. Kh4 hxg4 59.
hxg4 Ne4 0-1

[Event "Monarch Assurance Isle of Man 15th"]
[Site "Port Erin IOM"]
[Date "2006.09.30"]
[Round "8.15"]
[White "Kiriakov, Petr"]
[Black "Siebrecht, Sebastian"]
[Result "1/2-1/2"]
[WhiteElo "2554"]
[BlackElo "2417"]
[PlyCount "28"]
[EventDate "2006.09.23"]
[EventType "swiss"]
[EventRounds "9"]
[EventCountry "IOM"]

1. d4 d5 2. c4 dxc4 3. Nc3 Nf6 4. e3 a6 5. Bxc4 e6 6. Qf3 c5 7. d5 exd5 8. Nxd5
Nbd7 9. Bd2 Bd6 10. Bc3 Be5 11. Ne2 O-O 12. Rd1 Bxc3+ 13. Nexc3 Nxd5 14. Bxd5
Qb6 1/2-1/2

[Event "Monarch Assurance Isle of Man 15th"]
[Site "Port Erin IOM"]
[Date "2006.09.30"]
[Round "8.16"]
[White "Greenfeld, Alon"]
[Black "Vasilevich, Tatjana"]
[Result "1-0"]
[WhiteElo "2551"]
[BlackElo "2412"]
[PlyCount "51"]
[EventDate "2006.09.23"]
[EventType "swiss"]
[EventRounds "9"]
[EventCountry "IOM"]

1. Nf3 d5 2. d4 Nf6 3. c4 e6 4. Nc3 dxc4 5. e4 Bb4 6. Bg5 b5 7. a4 c6 8. e5 h6
9. exf6 hxg5 10. fxg7 Rg8 11. h4 g4 12. Ne5 f5 13. Qd2 Qf6 14. g3 Bb7 15. Bg2
Rxg7 16. O-O c5 17. axb5 Bxg2 18. Kxg2 Nd7 19. Rfe1 Nxe5 20. dxe5 Qe7 21. Ra6
Rd8 22. Qh6 Kf7 23. Rea1 Rd7 24. b6 axb6 25. Ra8 Bxc3 26. bxc3 1-0

[Event "Monarch Assurance Isle of Man 15th"]
[Site "Port Erin IOM"]
[Date "2006.09.30"]
[Round "8.17"]
[White "Sarakauskas, Gediminas"]
[Black "Hebden, Mark"]
[Result "1/2-1/2"]
[WhiteElo "2414"]
[BlackElo "2532"]
[PlyCount "76"]
[EventDate "2006.09.23"]
[EventType "swiss"]
[EventRounds "9"]
[EventCountry "IOM"]

1. e4 e5 2. Nf3 Nc6 3. Bc4 Nf6 4. d4 exd4 5. e5 d5 6. Bb5 Ne4 7. Nxd4 Bc5 8.
Be3 Bd7 9. Bxc6 bxc6 10. Nd2 Qh4 11. O-O Bb6 12. c4 O-O 13. Rc1 Nxd2 14. Qxd2
dxc4 15. Nf3 Qg4 16. h3 Qe6 17. Ng5 Qg6 18. Rxc4 Bf5 19. Rfc1 Rad8 20. Qe1 Rd3
21. h4 Rfd8 22. Bxb6 cxb6 23. Rxc6 Qh5 24. Rd6 Qxh4 25. Nf3 Qe7 26. Rxd3 Rxd3
27. Rd1 Qd8 28. Rxd3 Qxd3 29. Qd2 Qb1+ 30. Kh2 h6 31. Nd4 {(=)} Qe4 32. Nxf5
Qxf5 33. Qd4 g5 34. g3 Qf3 35. Kg1 Qf5 36. a3 Kh7 37. Kg2 h5 38. Kg1 Qb1+
1/2-1/2

[Event "Monarch Assurance Isle of Man 15th"]
[Site "Port Erin IOM"]
[Date "2006.09.30"]
[Round "8.19"]
[White "Hanley, Craig A"]
[Black "Ferguson, Mark"]
[Result "1-0"]
[WhiteElo "2419"]
[BlackElo "2389"]
[PlyCount "85"]
[EventDate "2006.09.23"]
[EventType "swiss"]
[EventRounds "9"]
[EventCountry "IOM"]

1. e4 e5 2. Nf3 Nc6 3. Bb5 Nf6 4. O-O Nxe4 5. d4 Nd6 6. Bxc6 dxc6 7. dxe5 Nf5
8. Qxd8+ Kxd8 9. Nc3 Ne7 10. h3 Bf5 11. Rd1+ Kc8 12. Rd2 h6 13. g4 Bh7 14. Re2
Nd5 15. Ne4 Be7 16. Nd4 Re8 17. f4 Bf8 18. Bd2 c5 19. Nf5 Kd7 20. c4 Nb6 21. b3
Kc6 22. Rae1 Rad8 23. Kg2 Nc8 24. Neg3 b6 25. Bc3 Rd3 26. Re3 Rxe3 27. Nxe3 Rd8
28. f5 Rd3 29. Nd5 Ne7 30. e6 fxe6 31. Bxg7 Rd2+ 32. Kh1 exd5 33. Bxf8 Nc8 34.
Bxh6 Rxa2 35. Re8 Nd6 36. Rh8 dxc4 37. bxc4 Ra1+ 38. Kg2 Ra2+ 39. Kf3 Bxf5 40.
Nxf5 Ra3+ 41. Kf4 Rxh3 42. Nxd6 cxd6 43. g5 1-0

[Event "Monarch Assurance Isle of Man 15th"]
[Site "Port Erin IOM"]
[Date "2006.09.30"]
[Round "8.20"]
[White "Peek, Marcel"]
[Black "Cox, John J"]
[Result "1/2-1/2"]
[WhiteElo "2367"]
[BlackElo "2418"]
[PlyCount "33"]
[EventDate "2006.09.23"]
[EventType "swiss"]
[EventRounds "9"]
[EventCountry "IOM"]

1. d4 Nf6 2. Nf3 e6 3. c4 d5 4. Nc3 Be7 5. Bg5 O-O 6. e3 h6 7. Bh4 Ne4 8. Bxe7
Qxe7 9. Qc2 Nxc3 10. Qxc3 c6 11. Be2 Nd7 12. O-O dxc4 13. Bxc4 b6 14. b4 Bb7
15. Be2 Rfc8 16. Rfd1 a5 17. a3 1/2-1/2

[Event "Monarch Assurance Isle of Man 15th"]
[Site "Port Erin IOM"]
[Date "2006.09.30"]
[Round "8.21"]
[White "Ikonnikov, Vyacheslav"]
[Black "Mannion, Stephen"]
[Result "0-1"]
[WhiteElo "2587"]
[BlackElo "2346"]
[PlyCount "190"]
[EventDate "2006.09.23"]
[EventType "swiss"]
[EventRounds "9"]
[EventCountry "IOM"]

1. d4 d5 2. Nf3 Nf6 3. c4 dxc4 4. Nc3 a6 5. e4 b5 6. e5 Nd5 7. a4 e6 8. axb5
Nb6 9. Be2 Bb7 10. bxa6 Rxa6 11. Rxa6 Nxa6 12. O-O Be7 13. Be3 O-O 14. Nd2 Qa8
15. f3 Rd8 16. Qb1 c5 17. dxc5 Nxc5 18. Nxc4 Nxc4 19. Bxc4 Nd7 20. Bd3 h6 21.
Re1 Qa5 22. f4 Bc5 23. Kh1 Qb4 24. Bh7+ Kh8 25. Be4 Rb8 26. h4 Bxe3 27. Rxe3
Nc5 28. h5 Nxe4 29. Nxe4 Bd5 30. Nc3 Qxf4 31. Nxd5 exd5 32. Re2 Rc8 33. Re1 Rc4
34. b3 Rc3 35. Rf1 Qxe5 36. Qf5 f6 37. Qg4 Rc2 38. Qg6 Rc8 39. Qg4 Rb8 40. b4
d4 41. Rf5 Qe6 42. Qf3 Rxb4 43. Rd5 Qe1+ 44. Kh2 Qh4+ 45. Qh3 Qe4 46. Qf3 Qxf3
47. gxf3 Rb3 48. Kg3 Rd3 49. Kg4 Rd1 50. f4 Kg8 51. Kf3 Kf7 52. Rd7+ Kf8 53.
Kg2 d3 54. f5 Ke8 55. Rd4 Ke7 56. Rd5 Ke8 57. Rd4 Kf8 58. Rd7 Ke8 59. Rd5 Ke7
60. Rd4 Re1 61. Rxd3 Re5 62. Rf3 Kd6 63. Kg3 Kd5 64. Rf1 Re3+ 65. Kf4 Re4+ 66.
Kg3 Ke5 67. Rf3 Re1 68. Kg2 Ke4 69. Rg3 Re2+ 70. Kg1 Kxf5 71. Rxg7 Re4 72. Rh7
Kg5 73. Kf2 Kxh5 74. Kf3 Re5 75. Rh8 Kg6 76. Rg8+ Kf7 77. Rh8 Kg7 78. Ra8 Rg5
79. Rb8 h5 80. Ra8 Rg4 81. Ra5 Kg6 82. Ra8 Rb4 83. Kg3 Kg5 84. Rg8+ Kf5 85. Rh8
Rb3+ 86. Kg2 Kg4 87. Rg8+ Kf4 88. Rh8 Rg3+ 89. Kf2 Rg5 90. Rf8 Rf5 91. Ra8 Kg4+
92. Kg2 Rc5 93. Rg8+ Rg5 94. Rd8 f5 95. Kg1 f4 0-1

[Event "Monarch Assurance Isle of Man 15th"]
[Site "Port Erin IOM"]
[Date "2006.09.30"]
[Round "8.22"]
[White "Sahl, Bjarke"]
[Black "Arkell, Keith"]
[Result "1-0"]
[WhiteElo "2364"]
[BlackElo "2479"]
[PlyCount "149"]
[EventDate "2006.09.23"]
[EventType "swiss"]
[EventRounds "9"]
[EventCountry "IOM"]

1. d4 Nf6 2. c4 e6 3. Nf3 b6 4. Nc3 Bb4 5. Bg5 Bxc3+ 6. bxc3 d6 7. Nd2 e5 8. e3
Bb7 9. c5 exd4 10. cxd4 dxc5 11. dxc5 O-O 12. Qc2 Na6 13. c6 Nb4 14. Qb2 Nxc6
15. Ne4 Ne5 16. Nxf6+ gxf6 17. Bh6 Re8 18. Rd1 Qc8 19. Be2 Qf5 20. Bf4 Rad8 21.
Rxd8 Rxd8 22. O-O Qg6 23. f3 Qf5 24. Bg3 c5 25. e4 Qe6 26. Bf2 Bc6 27. Be3 Kg7
28. h4 h5 29. Rc1 Nd3 30. Bxd3 Rxd3 31. Bf4 Qd7 32. Kh2 Qd4 33. Qe2 c4 34. Qe1
Bd7 35. Qg3+ Bg4 36. e5 c3 37. exf6+ Kh7 38. Be5 Qc4 39. Qe1 Bf5 40. Bxc3 Qxa2
41. Qg3 Bg6 42. Be5 Qe6 43. Rc7 Rd7 44. Rxd7 Qxd7 45. Bf4 Qf5 46. Bg5 Qc8 47.
Qe5 Qf8 48. Be3 Qc8 49. Qg5 Qf8 50. Kg1 Kg8 51. Kf1 Kh8 52. Kf2 Kg8 53. Qe5 Qd8
54. g4 Kh8 55. gxh5 Bb1 56. Qe7 Qg8 57. Qxa7 Bf5 58. Qxb6 Bh3 59. Bg5 Qc8 60.
Qd6 Kh7 61. Bd2 Qc4 62. Qg3 Qf1+ 63. Ke3 Qg2 64. Qg5 Kh8 65. Bc3 Kh7 66. Bb4
Qxg5+ 67. hxg5 Kg8 68. Ke4 Bd7 69. g6 Bc6+ 70. Kf4 Bd5 71. Kg4 Kh8 72. f4 Be4
73. Kg5 Kg8 74. f5 Kh8 75. h6 1-0

[Event "Monarch Assurance Isle of Man 15th"]
[Site "Port Erin IOM"]
[Date "2006.09.30"]
[Round "8.23"]
[White "Williams, Simon K"]
[Black "Ashton, Adam"]
[Result "1-0"]
[WhiteElo "2473"]
[BlackElo "2329"]
[PlyCount "55"]
[EventDate "2006.09.23"]
[EventType "swiss"]
[EventRounds "9"]
[EventCountry "IOM"]

1. d4 d5 2. c4 e5 3. dxe5 d4 4. e4 Nc6 5. f4 g5 6. f5 Nxe5 7. Nf3 Nxf3+ 8. Qxf3
Bd6 9. Bd3 Qe7 10. O-O f6 11. Qh5+ Qf7 12. Qe2 Ne7 13. c5 Bxc5 14. e5 Bxf5 15.
Rxf5 Nxf5 16. e6 Qe7 17. Qh5+ Kd8 18. Bxf5 a5 19. Nd2 Ra6 20. Ne4 d3+ 21. Kf1
Kc8 22. Bd2 Kb8 23. Bc3 Rf8 24. a3 Bd6 25. Rd1 Be5 26. Rxd3 Bxc3 27. Rd7 Qe8
28. e7 1-0

[Event "Monarch Assurance Isle of Man 15th"]
[Site "Port Erin IOM"]
[Date "2006.09.30"]
[Round "8.24"]
[White "Dworakowska, Joanna"]
[Black "Haslinger, Stewart"]
[Result "0-1"]
[WhiteElo "2359"]
[BlackElo "2423"]
[PlyCount "68"]
[EventDate "2006.09.23"]
[EventType "swiss"]
[EventRounds "9"]
[EventCountry "IOM"]

1. e4 e5 2. Nf3 Nc6 3. d4 exd4 4. Nxd4 Bc5 5. Be3 Qf6 6. c3 Nge7 7. g3 h5 8.
Bg2 h4 9. Rf1 hxg3 10. Nb5 Bxe3 11. Nxc7+ Kd8 12. fxe3 Qg5 13. Nxa8 Qxe3+ 14.
Qe2 Qc1+ 15. Qd1 Qe3+ 16. Qe2 Qc1+ 17. Qd1 Qxb2 18. Nd2 gxh2 19. Rc1 Ne5 20.
Rc2 Qb5 21. Nf3 N7g6 22. Nxe5 Nxe5 23. Kf2 Rh6 24. Kg3 Rg6+ 25. Kxh2 Ng4+ 26.
Kg1 Qh5 27. Rf3 Ne3 28. Rcf2 Nxd1 29. Rf5 Qh3 30. Kf1 Ne3+ 31. Ke2 Rxg2 32.
Rxf7 Rxf2+ 33. Kxf2 d6 34. Rf8+ Ke7 0-1

[Event "Monarch Assurance Isle of Man 15th"]
[Site "Port Erin IOM"]
[Date "2006.09.30"]
[Round "8.25"]
[White "Mohota, Nisha"]
[Black "Kononenko, Tatiana"]
[Result "1/2-1/2"]
[WhiteElo "2313"]
[BlackElo "2387"]
[PlyCount "158"]
[EventDate "2006.09.23"]
[EventType "swiss"]
[EventRounds "9"]
[EventCountry "IOM"]

1. d4 d5 2. c4 c6 3. Nf3 Nf6 4. Nc3 dxc4 5. a4 Bf5 6. Ne5 Nbd7 7. Nxc4 Nd5 8.
Nxd5 cxd5 9. Ne3 Be6 10. g3 g6 11. Bg2 Nf6 12. Qb3 Qd7 13. Nd1 Bg7 14. Nc3 O-O
15. O-O Rfd8 16. Rd1 Ne4 17. Bf4 Nxc3 18. bxc3 Rac8 19. a5 Rc6 20. Rdb1 b6 21.
axb6 Rxb6 22. Qa3 Rc8 23. h4 Bf8 24. Rc1 a6 25. Qa5 Qb5 26. Qxb5 axb5 {(=)} 27.
Bd2 f5 28. Rcb1 Bf7 29. Ra5 Rcb8 30. Bf4 Rc8 31. Raxb5 Rxb5 32. Rxb5 Rxc3 33.
Bxd5 Bxd5 34. Rxd5 h5 35. Rd7 Kf7 36. Bg5 Ra3 37. Kg2 Ra6 38. Rc7 Rd6 39. e3
Ke6 40. Kf3 Rd7 41. Rc6+ Kf7 42. Bf4 Bg7 43. Rc5 Rb7 44. Be5 Bxe5 45. Rxe5 Rb2
46. Rc5 Rd2 47. Rc1 Kf6 48. Rc6+ Kf7 49. Rb6 Kg7 50. Kg2 Kf7 51. Rc6 Rb2 52.
Kf1 Ra2 53. Ke1 Rb2 54. Rc1 Ke6 55. Rd1 Kd5 56. Rd2 Rb1+ 57. Ke2 Ke6 58. Ra2
Kf6 59. Kf3 Rb4 60. Ra6+ Kf7 61. Kf4 Rb2 62. f3 Rf2 63. Rb6 Rf1 64. Ra6 Rf2 65.
d5 Rf1 66. d6 exd6 67. Rxd6 Rf2 68. Ra6 Rf1 69. e4 fxe4 70. Kxe4 Rb1 71. Ra5
Kf6 72. Ra6+ Kf7 73. Ra4 Kf6 74. Kf4 Rb6 75. g4 hxg4 76. fxg4 g5+ 77. hxg5+ Kg6
78. Rc4 Ra6 79. Kg3 Kxg5 1/2-1/2

[Event "Monarch Assurance Isle of Man 15th"]
[Site "Port Erin IOM"]
[Date "2006.09.30"]
[Round "8.26"]
[White "Devereaux, Max"]
[Black "Grant, Alan"]
[Result "1-0"]
[WhiteElo "2377"]
[BlackElo "2193"]
[PlyCount "61"]
[EventDate "2006.09.23"]
[EventType "swiss"]
[EventRounds "9"]
[EventCountry "IOM"]

1. d4 Nf6 2. Nf3 e6 3. g3 b5 4. Bg2 Bb7 5. a4 b4 6. a5 c5 7. O-O cxd4 8. Nbd2
Be7 9. Nb3 O-O 10. Nbxd4 Na6 11. Nb5 d6 12. c4 Qb8 13. Nbd4 Nc5 14. Ne1 Rd8 15.
Nc6 Bxc6 16. Bxc6 Nb7 17. a6 Nc5 18. Nd3 Qb6 19. Bxa8 Rxa8 20. Be3 Nfd7 21. Ra4
b3 22. Nxc5 Nxc5 23. Bxc5 dxc5 24. Qd7 Bf6 25. Qb7 Qd8 26. Raa1 Bxb2 27. Rab1
Be5 28. Rxb3 Rb8 29. Rd3 Bd4 30. Qxa7 Ra8 31. Qb7 1-0

[Event "Monarch Assurance Isle of Man 15th"]
[Site "Port Erin IOM"]
[Date "2006.09.30"]
[Round "8.27"]
[White "Eggleston, David J"]
[Black "Al Sayed, Mohamad"]
[Result "1-0"]
[WhiteElo "2232"]
[BlackElo "2492"]
[PlyCount "129"]
[EventDate "2006.09.23"]
[EventType "swiss"]
[EventRounds "9"]
[EventCountry "IOM"]

1. e4 e5 2. Nf3 Nc6 3. d4 exd4 4. Nxd4 Bc5 5. Nb3 Bb6 6. a4 Qh4 7. Qe2 Nf6 8.
Nc3 O-O 9. g3 Qg4 10. a5 Bd4 11. Nb5 Be5 12. f4 Bd6 13. e5 Re8 14. Qxg4 Nxg4
15. Be2 Ngxe5 16. fxe5 Bxe5 17. Bf4 Nb4 18. Kd2 c6 19. Bxe5 Rxe5 20. Nc3 d6 21.
Nc1 Bf5 22. Nd3 Bxd3 23. cxd3 a6 24. Rhe1 Kf8 25. d4 Rf5 26. Rf1 Rg5 27. Bc4 f6
28. Ne2 Nd5 29. Bxd5 Rxd5 30. Kd3 Rb5 31. Kc2 Re8 32. Nc3 Rg5 33. b4 h5 34. Rf4
Kf7 35. Raf1 Kg6 36. Kd2 Rb8 37. Na4 Re8 38. Nb6 Rb5 39. d5 c5 40. bxc5 Rxc5
41. Ra1 Rb5 42. Ra2 Rb1 43. Nc4 Ree1 44. Ne3 Rh1 45. Rf2 Rb5 46. Ke2 Rhb1 47.
Ra3 Rc5 48. Kf3 Rbb5 49. Rfa2 f5 50. Ra4 Kf6 51. h4 g6 52. Rc4 Rxa5 53. Rxc5
Rxa2 54. Rc7 Rb2 55. Rd7 a5 56. Rxd6+ Kf7 57. Nc4 Rb3+ 58. Kf2 a4 59. Ne5+ Kg7
60. Rxg6+ Kf8 61. Rf6+ Kg7 62. Rf7+ Kh6 63. d6 Rb2+ 64. Ke3 Rb3+ 65. Kd2 1-0

[Event "Monarch Assurance Isle of Man 15th"]
[Site "Port Erin IOM"]
[Date "2006.09.30"]
[Round "8.28"]
[White "Meenakshi, S1."]
[Black "Ledger, Andrew J"]
[Result "0-1"]
[WhiteElo "2310"]
[BlackElo "2411"]
[PlyCount "120"]
[EventDate "2006.09.23"]
[EventType "swiss"]
[EventRounds "9"]
[EventCountry "IOM"]

1. d4 Nf6 2. c4 c5 3. d5 e5 4. Nc3 d6 5. e4 Be7 6. g3 O-O 7. Bg2 Nbd7 8. Nge2
a6 9. O-O Rb8 10. a4 Ne8 11. f4 exf4 12. Nxf4 Bf6 13. Qc2 Ne5 14. b3 g6 15. Kh1
b6 16. Nd3 Rb7 17. Bf4 Nxd3 18. Qxd3 g5 19. Bd2 Be5 20. Rae1 Ng7 21. Nd1 Bd7
22. Bc3 f6 23. Bxe5 fxe5 24. Rxf8+ Qxf8 25. Rf1 Qe7 26. Nf2 h5 27. Nd1 b5 28.
axb5 axb5 29. Ne3 Rb8 30. Ra1 bxc4 31. bxc4 Rf8 32. Ra7 Qd8 33. Qb3 Bc8 34. Ra1
g4 35. Rf1 Rxf1+ 36. Nxf1 Bd7 37. Qb7 Be8 38. Kg1 Bg6 39. Qb2 Ne8 40. Qd2 Kg7
41. Qe3 Nf6 42. Nd2 Qa5 43. Kf1 Qa1+ 44. Ke2 Qc1 45. Kf2 Kf7 46. Qe1 Qc2 47.
Qe2 Kg7 48. Ke1 Qc3 49. Kf2 h4 50. gxh4 Nh5 51. Qe3 Qc2 52. Bf1 Nf4 53. Kg1 Kf7
54. Qe1 Qc3 55. Qf2 Ke7 56. Qe1 Kf7 57. Qf2 Kg7 58. h5 Nxh5 59. Nb1 Qc1 60. Qh4
Nf6 0-1

[Event "Monarch Assurance Isle of Man 15th"]
[Site "Port Erin IOM"]
[Date "2006.09.30"]
[Round "8.29"]
[White "Roy Chowdhury, Saptarshi"]
[Black "Sarakauskiene, Zivile"]
[Result "1-0"]
[WhiteElo "2394"]
[BlackElo "2158"]
[PlyCount "139"]
[EventDate "2006.09.23"]
[EventType "swiss"]
[EventRounds "9"]
[EventCountry "IOM"]

1. e4 c5 2. Nf3 e6 3. b3 a6 4. Bb2 d6 5. g3 Nc6 6. Bg2 Nf6 7. d3 Be7 8. O-O O-O
9. Nbd2 Bd7 10. Re1 e5 11. Nc4 Ne8 12. Ne3 Qc8 13. Nd2 Bd8 14. f4 b5 15. f5 Rb8
16. Rf1 Bg5 17. Nd5 Ne7 18. Nxe7+ Bxe7 19. g4 Bc6 20. Nf3 Qd8 21. Qe1 h6 22. h4
g5 23. Bc1 f6 24. Bd2 Qd7 25. Rd1 Bd8 26. Kh2 Rf7 27. Kg3 Rh7 28. Rh1 Rb7 29.
Qe2 Qc8 30. c3 Qb8 31. Be3 Rbg7 32. Kf2 Ba5 33. Rc1 Nc7 34. Nd2 Qd8 35. Bf3 Bb6
36. Kg2 Bb7 37. Qf2 Qf8 38. b4 a5 39. Nb3 axb4 40. cxb4 Na6 41. bxc5 dxc5 42.
Nxc5 Bxc5 43. Bxc5 Qd8 44. Bb6 Qd6 45. Bc5 Qd7 46. d4 gxh4 47. d5 h5 48. Kh3
hxg4+ 49. Bxg4 Kh8 50. Rhg1 Nc7 51. Bb6 Ne8 52. Bc5 Nc7 53. Bb4 Na6 54. a3 Qd8
55. Qe3 Bc8 56. Rc6 Nxb4 57. axb4 Ra7 58. Rgc1 Bd7 59. Qxa7 Bxc6 60. Qa5 Qxa5
61. bxa5 Bb7 62. Be2 Rg7 63. Bxb5 Rg3+ 64. Kxh4 Rb3 65. a6 Rxb5 66. axb7 Rxb7
67. Kh5 Kg7 68. d6 Rb6 69. Rc7+ Kf8 70. Rc8+ 1-0

[Event "Monarch Assurance Isle of Man 15th"]
[Site "Port Erin IOM"]
[Date "2006.09.30"]
[Round "8.30"]
[White "Sharma, Dinesh K"]
[Black "Walton, Alan J"]
[Result "1-0"]
[WhiteElo "2358"]
[BlackElo "2222"]
[PlyCount "81"]
[EventDate "2006.09.23"]
[EventType "swiss"]
[EventRounds "9"]
[EventCountry "IOM"]

1. e4 e6 2. d4 d5 3. Nc3 Nf6 4. Bg5 Be7 5. e5 Nfd7 6. Bxe7 Qxe7 7. f4 O-O 8.
Nf3 c5 9. Qd2 Nc6 10. dxc5 Qxc5 11. a3 Nb6 12. b4 Qe7 13. Bd3 f6 14. exf6 Qxf6
15. O-O g6 16. g3 Bd7 17. Rad1 Rac8 18. Nb5 e5 19. fxe5 Nxe5 20. Nfd4 Qg7 21.
Nxa7 Ng4 22. Nab5 Rce8 23. Rxf8+ Rxf8 24. Rf1 Rxf1+ 25. Bxf1 Qe5 26. Nf3 Qe4
27. Nbd4 Nc4 28. Bxc4 dxc4 29. Qf4 Qe7 30. h3 Ne3 31. Qb8+ Be8 32. Qe5 Qxe5 33.
Nxe5 b5 34. g4 Nd5 35. g5 Nc3 36. Ng4 Ne4 37. h4 Bd7 38. Ne5 Be8 39. a4 bxa4
40. Nxc4 Nc3 41. Na3 1-0